Responses for Show #6335 - Friday, March 16, 2012

Contestants

[<< previous game]

Hannah Spector, a stay-at-home mom from Van Nuys, California

Sharla Zwirek, an editorial manager from Medway, Massachusetts

John Erler, a movie mocker from Austin, Texas (whose 1-day cash winnings total $29,000)

[next game >>]

Jeopardy! Round responses

HORSETORY
FROM JOCK TO POLITICIAN
E BEFORE I
WE ALL MAKE CHOICES IN LIFE
SHAPE UP!
SHIP OUT
    $200 25
Stone Age

Sharla
    $200 11
Sacramento

John
    $200 1
Fahrenheit

John
    $200 6
d) all of the above

John
    $200 17
abs

John
    $200 13
Havana

Triple Stumper
    $400 26
sleep

John
    $400 12
Jack Kemp

Sharla
    $400 2
(Sharla: What are vows?)

the veil

Sharla
Triple Stumper
    $400 7
the dealer

John
    $400 18
detox

Hannah
    $400 14
a submarine

John
    $600 27
Aztecs

Sharla
    $600 22
Bill Bradley

John
    $600 3
sheik

Sharla
    $600 8
the People's Choice

Hannah
    $600 19
Schwarzenegger

Sharla
    $600 15
the Lusitania

John
    $800 28
Equus

Sharla
    $800 23
(Hannah: What is the Falcons?)
(Sharla: Who are the Cardinals?)

the Seattle Seahawks

JohnSharlaHannah
    $800 4
neither

John
    $800 9
Taster's Choice

John
    $800 20
South Beach

Hannah
    $800 16
France

Hannah
    $1000 29
trumpets

Hannah
    $1000 24
(Alex: He was the all-star goalie for [*], the Habs.)

the Montreal Canadiens

Triple Stumper
    $1000 5
a heist

John
    $1000 10
Sophie

Hannah
    $1000 21
lipoprotein

Triple Stumper
    $1000 30
Andrea Doria

Hannah

Scores at the first commercial break (after clue 15):

John Sharla Hannah
$4,600 $600 $1,600

Scores at the end of the Jeopardy! Round:

John Sharla Hannah
$6,600 $2,000 $4,800

Double Jeopardy! Round responses

MARCH-ING
CELEBRITIES' FAVORITE BOOKS
IT'S A NOUN! IT'S A VERB!
(Alex: It's both, maybe.)
IN THE STATE CAPITAL
GADGETS GALORE
GROUP "E"s
    $400 8
Yellowstone

Sharla
    $400 16
the Mississippi

John
    $400 3
rear

John
    $400 1
Juneau (Alaska)

John
    $400 26
a stylus

John
    $400 21
the Eagles

John
    $800 9
the Girl Scouts

Hannah
    $800 17
Catch-22

Sharla
    $800 4
fawn

John
    $800 2
Montpelier (Vermont)

Hannah
    $800 27
(John: What is GPS?)

Lojack

John
Triple Stumper
    $800 22
Earth Wind & Fire

John
    $1200 10
Napoleon

John
    $1200 18
Bridge to Terabithia

Hannah
    $2,200 5
(John: What is chaperone?)

squire

John
    $1200 13
(Alex: We're back in Texas.)
[Laughter]

Austin

John
    $1200 28
a blender

Hannah
    $1200 23
En Vogue

Hannah
    $1600 11
healthcare

John
    $1600 19
Henry James

Triple Stumper
    $1600 6
void

John
    $1600 14
(John: What is Hawaii?)
(Sharla: What is Honolulu?)

Annapolis, Maryland

JohnSharla
Triple Stumper
    $1600 29
(John: What is REI?)
(Sharla What is the North Face?)
[John & Sharla's responses originally ruled incorrect]

Coleman

JohnSharla
    $1600 24
ELO (Electric Light Orchestra)

John
    $2,200 12
(Alex: The Republic of [*] is right. Ah-ha! Welcome home!)

Texas

John
    $2000 20
(William) Gibson

Hannah
    $2000 7
chaff

Triple Stumper
    $2000 15
Salt Lake City

Hannah
    $2000 30
(Sharla: What is the Swiss Army? [Laughs])
(John: What is the Sharper Image?)

Victorinox

JohnSharla
Triple Stumper
    $2000 25
EMF

Hannah

Scores at the end of the Double Jeopardy! Round:

John Sharla Hannah
$14,600 $1,200 $16,000

[wagering suggestions for these scores]

Final Jeopardy! Round responses

'70s BLOCKBUSTERS
SharlaWhat is Five Easy Pieces?
$200
JohnWhat is Close Encounters of the Third Kind
$12,199
HannahWhat is Close Encounters of the Third Kind?
$13,201
Close Encounters of the Third Kind

Final scores:

John Sharla Hannah
$26,799 $1,000 $29,201
2nd place: $2,000 3rd place: $1,000 New champion: $29,201

Game dynamics:

Coryat scores:

John Sharla Hannah
$16,600 $1,200 $16,000
27 R
(including 1 DD),
4 W
(including 1 DD)
9 R
(including 1 DD),
4 W
15 R,
1 W

Combined Coryat: $33,800

[game clues] [game scores] [suggest correction]

Game tape date: 2011-11-30
The J! Archive is created by fans, for fans. Scraping, republication, monetization, and malicious use prohibited; this site may use cookies and collect identifying information. See terms. The Jeopardy! game show and all elements thereof, including but not limited to copyright and trademark thereto, are the property of Jeopardy Productions, Inc. and are protected under law. This website is not affiliated with, sponsored by, or operated by Jeopardy Productions, Inc. Join the discussion at JBoard.tv.